L'Opéra de Paris au siècle romantique. (Record no. 170156)

MARC details
000 -LEADER
campo de control de longitud fija 00961nam a2200277 i 4500
001 - NÚMERO DE CONTROL
campo de control 170156
003 - IDENTIFICADOR DE NÚMERO DE CONTROL
campo de control ES-MaACL
005 - FECHA Y HORA DE LA ÚLTIMA TRANSACCIÓN
campo de control 20230906214314.0
008 - DATOS DE LONGITUD FIJA--INFORMACIÓN GENERAL
campo de control de longitud fija 090206s1981 fr |||| | fre d
020 ## - NÚMERO INTERNACIONAL ESTÁNDAR DEL LIBRO
Número Internacional Estándar del Libro 2-05-100298-3
022 ## - NÚMERO INTERNACIONAL NORMALIZADO PARA PUBLICACIONES SERIADAS
Número Internacional Normalizado para Publicaciones Seriadas 0244-2957
080 ## - NÚMERO DE LA CLASIFICACIÓN DECIMAL UNIVERSAL
Número de la Clasificación Decimal Universal 725.821(443.611)
080 ## - NÚMERO DE LA CLASIFICACIÓN DECIMAL UNIVERSAL
Número de la Clasificación Decimal Universal 782(44)
245 02 - MENCIÓN DEL TÍTULO
Título L'Opéra de Paris au siècle romantique.
260 ## - PUBLICACIÓN, DISTRIBUCIÓN, ETC.
Lugar de publicación, distribución, etc. Genève ;
-- Paris :
Nombre del editor, distribuidor, etc. Slatkine,
Fecha de publicación, distribución, etc. 1981.
300 ## - DESCRIPCIÓN FÍSICA
Extensión 150 p. :
Otras características físicas il. ;
Dimensiones 24 cm.
490 1# - MENCIÓN DE SERIE
Mención de serie Revue internationale de musique française ;
Designación de volumen o secuencia 2e année. 4
500 ## - NOTA GENERAL
Nota general Precede al tít.: Dossier.
504 ## - NOTA DE BIBLIOGRAFÍA, ETC.
Nota de bibliografía, etc. Bibliografía.
598 ## - NOTA LOCAL
Nota local Variantes del tít. de la rev.: Rimf, R.I.M.F.
610 2# - PUNTO DE ACCESO ADICIONAL DE MATERIA--NOMBRE DE ENTIDAD CORPORATIVA
Nombre de entidad corporativa o nombre de jurisdicción como elemento de entrada Opéra national de Paris.
9 (RLIN) 15716
650 #4 - PUNTO DE ACCESO ADICIONAL DE MATERIA--TÉRMINO DE MATERIA
Término de materia o nombre geográfico como elemento de entrada Ópera-
Subdivisión geográfica París-
Subdivisión general Historia.
9 (RLIN) 15715
830 0# - PUNTO DE ACCESO ADICIONAL DE SERIE-TÍTULO UNIFORME
Título uniforme Revue internationale de musique française ;
Designación de volumen o secuencia 2e année. 4
9 (RLIN) 222976
852 4# - LOCALIZACIÓN
Ubicación ES-MaACL
Número de control de estantería E-12422
itemnumber R.140614
Nota libre . - Biblioteca Jacinto Martínez Lacalle
Holdings
Estatus retirado Estado de pérdida Estado de daño No para préstamo Biblioteca de origen Biblioteca actual Ubicación en estantería Fecha de adquisición Fuente de adquisición Total de préstamos Signatura topográfica completa Código de barras Visto por última vez Precio de reemplazo Tipo de ítem Koha
        Biblioteca del Ateneo de Madrid Biblioteca del Ateneo de Madrid Depósito 2 06/02/2009     E-12422 1178643 23/02/2023 23/02/2023 Libro impreso